00738nam a2200193Ia 4500100003200000650001500032250000600047942000700053366000700060654002500067245008500092260001800177082000800195300000800203546001200211999001700223952015200240952015200392 aBruce/Peter/ Bruce/ Andrew  aStatistics a2 cBK f20 apractical statistics aPractical statistics for Datascientist 50+ essential concepts using R and Python bOreillyc2020 bBRU a342 aENGLISH c34371d34371 001040708CRCaCRCEbCRCEd2023-03-17eReaders Worldg1180.00i290 dt 27.07.2022l3o BRUp25898r2024-10-14s2024-07-23v1475.00w0000-00-00yBK 001040708CRCaCRCEbCRCEd2023-03-17eReaders Worldg1180.00i290 dt 27.07.2022l2o BRUp25899r2025-01-15s2024-08-06v1475.00w0000-00-00yBK